[Event "COL-chT"]
[Site "Santa Marta"]
[Date "2022.11.05"]
[Round "7.1"]
[White "Vasquez Ayola, John"]
[Black "Gongora Buendia, Anuar Hispano"]
[Result "1-0"]
[WhiteElo "2002"]
[BlackElo "1910"]
[PlyCount "35"]
[EventDate "2022.11.02"]
[EventType "team-swiss"]
[EventRounds "7"]
[EventCountry "COL"]
[SourceTitle "CBM 211 Extra"]
[Source "ChessBase"]
[SourceDate "2023.01.31"]
[SourceVersion "1"]
[SourceVersionDate "2023.01.31"]
[SourceQuality "1"]
[WhiteTeam "Cordoba II"]
[BlackTeam "Magdalena VII"]
[WhiteTeamCountry "COL"]
[BlackTeamCountry "COL"]

1. e4 c6 2. Nc3 d5 3. Nf3 dxe4 4. Nxe4 Nf6 5. Ng3 h5 6. Bc4 e6 7. Qe2 Be7 8. Ne5 Qd6 9. Nf5 Qc7 10. Nxg7+ Kf8 11. Nxf7 Kxg7 12. Nxh8 Kxh8 13. b3 e5 14. Bb2 Nbd7 15. 0-0-0 b5 16. Be6 Bb7 17. f4 e4 18. Qxh5+ 1-0

[Event "COL-chT"]
[Site "Santa Marta"]
[Date "2022.11.04"]
[Round "5.1"]
[White "Camargo Nino, Nicolas Andres"]
[Black "Gongora Buendia, Anuar Hispano"]
[Result "1/2-1/2"]
[WhiteElo "1679"]
[BlackElo "1910"]
[PlyCount "26"]
[EventDate "2022.11.02"]
[EventType "team-swiss"]
[EventRounds "7"]
[EventCountry "COL"]
[SourceTitle "CBM 211 Extra"]
[Source "ChessBase"]
[SourceDate "2023.01.31"]
[SourceVersion "1"]
[SourceVersionDate "2023.01.31"]
[SourceQuality "1"]
[WhiteTeam "Magdalena VIII"]
[BlackTeam "Magdalena VII"]
[WhiteTeamCountry "COL"]
[BlackTeamCountry "COL"]

1. e4 c6 2. d4 d5 3. exd5 cxd5 4. Nf3 Nf6 5. Bd3 Bg4 6. Nc3 e6 7. Be3 Nc6 8. h3 Bh5 9. a3 Bd6 10. Qe2 a6 11. g4 Bg6 12. 0-0-0 Qe7 13. Bxg6 hxg6 1/2-1/2